| 000 | 00384nam a2200145Ia 4500 | ||
|---|---|---|---|
| 008 | 210210b1987 xxu||||| |||| 00| 0 eng d | ||
| 020 | _a81 212 0092 x | ||
| 082 | _a954.02 SURF | ||
| 100 | _aSURYANARAYANA (K). | ||
| 245 | _aFeudatories under eastern chalukyas. | ||
| 260 |
_aDelhi. _bGian Publishing House., _c1987 |
||
| 300 | _avi,111 | ||
| 690 | _aIndian History | ||
| 906 | _a039788 | ||
| 999 |
_c90137 _d90137 |
||